00310nam a2200133Ia 45000030006000000080041000060400015000471000031000622450026000932500010001192600018001295460012001470050017001590STCL150530s9999 xx 000 0 und d aSTCLcSTCL aSubrahmanyam, N.; Brij Lal aPrinciples of physics aFirst bS.Chandc1986 aEnglish20220125170101.0